Life and Work of Allama I I Kazi (Record no. 9887)
[ view plain ]
| 000 -LEADER | |
|---|---|
| fixed length control field | 00260nam a2200109 4500 |
| 082 ## - DEWEY DECIMAL CLASSIFICATION NUMBER | |
| Classification number | BRO |
| 100 ## - MAIN ENTRY--AUTHOR NAME | |
| Personal name | Brohi, A.K |
| 245 ## - TITLE STATEMENT | |
| Title | Life and Work of Allama I I Kazi |
| 260 ## - PUBLICATION, DISTRIBUTION, ETC. (IMPRINT) | |
| Place of publication | Jamshoro: |
| Name of publisher | Allama I I Kazi Memorial Society, |
| Year of publication | 1988. |
| 300 ## - PHYSICAL DESCRIPTION | |
| Number of Pages | 103p. ; |
| 942 ## - ADDED ENTRY ELEMENTS (KOHA) | |
| Koha item type | Books |
| Withdrawn status | Lost status | Collection code | Home library | Current library | Date acquired | Full call number | Accession Number | Koha item type |
|---|---|---|---|---|---|---|---|---|
| Reference | Reference Section | Reference Section | 11/09/2014 | BRO (Shelf - 97C) | 16910 | Books |